Famous Chinese People by Picture - Statistics

General Stats
  • This quiz has been taken 73 times
  • The average score is 8 of 20
Answer Stats
Picture Answer % Correct
Jackie Chan
77%
Mao Ze Dong
77%
Confucius
76%
Yao Ming
76%
Chiang Kai Shek
71%
Deng Xiao Ping
69%
Jet Li
61%
Lao Zi
58%
Fan Bing Bing
31%
Hu Jin Tao
31%
Kangxi
27%
Liu Xiang
27%
Lei Feng
26%
Ma Long
24%
Hongwu
13%
Joshua Wong
13%
Chen Kai Ge
10%
Sun Yat Sun
8%
Joker Xue
5%
Liu Xiao Bo
3%
No matching quizzes found
Score Distribution
Percent of People with Each Score
Percentile by Number Answered
Your Score History
You have not taken this quiz